GeoGuessr Europe (Pays) - Statistiques

Statistiques générales
  • Ce quiz a été pris 49 fois
  • Le résultat moyen est 8 sur 12
Statistiques - réponses
Par images Réponse % Correct
France
98%
Italie
89%
Grèce
83%
Belgique
78%
Portugal
74%
Islande
67%
Monaco
67%
Suède
67%
Albanie
65%
Angleterre
59%
Estonie
50%
Moldavie
46%
Aucun quiz correspondant
Distribution des résultats
% des personnes avec chaque résultat
Percentile par nombre de réponses
Votre historique - résultats
Vous n’avez pas pris ce quiz